| 000 | 01591nam0a2200373 4500 | ||
|---|---|---|---|
| 001 | RU\NLR\BIBL_A\012059342 | ||
| 005 | 20210119114510.0 | ||
| 010 |
_a978-5-360-07647-6 _97000 |
||
| 021 |
_aRU _bКН-П-19-045471 _9КН-П-19-3321 |
||
| 021 |
_aRU _bКН-П-20-056065 _9КН-П-20-4179 |
||
| 021 |
_aRU _bКН-П-19-064172 _9КН-П-19-4605 |
||
| 035 | _a(NLR Aleph) 012059342 | ||
| 035 | _a(RuMoRGB)010079298 | ||
| 035 | _a(RuMoRGB)010426712 | ||
| 035 | _a(RuMoRGB)010018580 | ||
| 090 |
_a11695158 _c11695158 |
||
| 100 | _a20190717d2019 c y0rusy50 ca | ||
| 101 | 0 | _arus | |
| 102 | _aRU | ||
| 105 | _aa|||j|||000zy | ||
| 200 | 1 |
_aТехнология _e1 класс _eучебник _e[соответствует Федеральному государственному образовательному стандарту начального общего образования] _fЕ. А. Лутцева |
|
| 205 | _a6-е изд., перераб. | ||
| 210 |
_aМосква _cВентана-Граф _d2019 |
||
| 215 |
_a111, [1] с. _cтабл., цв. ил. _d27 |
||
| 225 | 1 |
_aРоссийский учебник _eРУ |
|
| 225 | 1 | _aНачальная школа XXI века | |
| 606 | 1 |
_aТрудовое обучение _jУчебники для начальной школы _2nlr_sh1 _2nlr_sh2 _3RU\NLR\AUTH\661125123 |
|
| 686 | 3 | _aМ78я711-1 | |
| 700 | 1 |
_aЛутцева _bЕ. А. _gЕлена Андреевна |
|
| 942 | _cBOOK | ||
| 980 | _aNBR | ||
| 980 | _aNB | ||